Datum a čas kvízu
33
Celkem bodů
Celkový počet nahraných bodů na tomto kvízu bez doplňovacích otázek.
7.
Pořadí na kvízu
Konečné umístění týmu na tomto kvízu.
Zaznamenané odpovědi
| # | Otázka | Odpověď | Body | Výsledky |
|---|---|---|---|---|
| 1. | Jak se jmenuje bývalý vrcholný... | Jan Hamáček | 0 | |
| 2. | Ve kterém německém městě se mi... | v Mnichově | 0 | |
| 3. | Minulý týden v úterý oslavil p... | Robbie Williams | 1 | |
| 4. | Vědci objevili v Peru dva nové... | Iron Maiden | 1 | |
| 5. | Pražská Sparta si z úvodního z... | 3:2 | 1 | |
| 6. | Obec s nejdelším názvem v Česk... | A | 0 | |
| 7. | Česká republika hraničí se čty... | 1C 2A 3B 4D | 1 | |
| 8. | Nejvýše položená železniční st... | Kubova | 1 | |
| 9. | V této otázce bude potřeba k z... | 1A 2C 3D 4B | 1 | |
| 10. | V České republice jsou čtyři ú... | Krkonošský NP | 0 |